000 01286nam0a22002891 4500
001 rc\299223
005 20250621025420.0
035 _a(NLR Aleph) 005535203
090 _a5651722
_c5651722
100 _a20030307d1989 |||y0rusy50 ca
101 0 _arus
102 _aRU
105 _ay |||||||||
200 1 _aИгровое моделирование при подготовке строительного производства
_e[Учеб. пособие]
_fГ.М. Бадьин, Э.-К.К. Завадскас, Ф.Ф. Пелдшус
_gЛенингр. инж.-строит. ин-т
210 _aЛ.
_cЛИСИ
_d1989
215 _a40, [1] с.
_d20
300 _aПеред вып. дан. 2-й авт.: Завадскас Эдмундас-Казимерас Казимерович
320 _aБиблиогр.: с. 38-40 (39 назв.)
700 1 _7ca
_8rus
_aБадьин
_bГ. М.
_f1937-
_gГеннадий Михайлович
_9159323
_3RU\NLR\AUTH\770159364
701 1 _aЗавадскас
_bЭ.-К.К.
_gЭдмундас-Казимерас Казимеро
701 1 _aПелдшус
_bФ.Ф.
_gФридель Фридрихович
801 0 _aRU
_bNLR
_gpsbo
801 1 _aRU
_bELAR
_2rusmarc
852 _aNLR
_j89-4/18778
942 _cBOOK
980 _aNB